E-business Implementation
Đã lưu trong:
| 主要作者: | |
|---|---|
| 格式: | 图书 |
| 语言: | Undetermined |
| 出版: |
Oxford
Butterworth-Heinemann
2002
|
| 主题: | |
| 标签: |
添加标签
没有标签, 成为第一个标记此记录!
|
| Thư viện lưu trữ: | Trung tâm Học liệu Trường Đại học Cần Thơ |
|---|
| LEADER | 00512nam a2200193Ia 4500 | ||
|---|---|---|---|
| 001 | CTU_88053 | ||
| 008 | 210402s9999 xx 000 0 und d | ||
| 020 | |c 58.79 | ||
| 082 | |a 608.054678 | ||
| 082 | |b W344 | ||
| 100 | |a Watt, Dougal | ||
| 245 | 0 | |a E-business Implementation | |
| 245 | 0 | |c Dougal Watt | |
| 260 | |a Oxford | ||
| 260 | |b Butterworth-Heinemann | ||
| 260 | |c 2002 | ||
| 650 | |a Electronic commerce,Project management | ||
| 904 | |i Năm | ||
| 980 | |a Trung tâm Học liệu Trường Đại học Cần Thơ | ||